Álbumes de Quevedo - Estadísticas

Estadísticas generales
  • Esta prueba ha sido intentada 52 veces
  • La puntuación promedio es 32 de 48
Estadísticas de respuestas
Álbum Feat. Canción % Correcto
BUENAS NOCHES Aitana GRAN VÍA
95%
DONDE QUIERO ESTAR Myke Towers PLAYA DEL INGLÉS
90%
EL BAIFO - EL BAIFO
87%
EL BAIFO Elvis Crespo LA GRACIOSA
87%
BUENAS NOCHES - BUENAS NOCHES
85%
EL BAIFO Nueva Línea AL GOLPITO
82%
DONDE QUIERO ESTAR - DONDE QUIERO ESTAR
82%
BUENAS NOCHES La Pantera HALO
82%
EL BAIFO La Pantera & Lucho RK & Juseph ALGO VA A PASAR
77%
BUENAS NOCHES - KASSANDRA
77%
BUENAS NOCHES Pitbull MR. MOONDIAL
77%
EL BAIFO - CAPRICHOSO
74%
EL BAIFO Tonny Tun Tun GÁLDAR
74%
BUENAS NOCHES Sin Nombre 14 FEBREROS
72%
DONDE QUIERO ESTAR - WANDA
72%
EL BAIFO - NI BORRACHO
69%
BUENAS NOCHES De La Rose & De La Ghetto AMANECIÓ
67%
DONDE QUIERO ESTAR Omar Montes DAME
67%
EL BAIFO Los Gofiones HIJO DE VOLCÁN
67%
DONDE QUIERO ESTAR - LUCES AZULES
67%
DONDE QUIERO ESTAR JC Reyes MUÑECA
67%
DONDE QUIERO ESTAR Ovy On The Drums SIN SEÑAL
67%
DONDE QUIERO ESTAR Cruz Cafuné INTRO - SPEECH CRUZZI
64%
BUENAS NOCHES Yung Beef LA 125
64%
EL BAIFO - SCANDIC
64%
DONDE QUIERO ESTAR - CUÉNTALE
62%
BUENAS NOCHES - DURO
62%
EL BAIFO - FLAKITO
62%
DONDE QUIERO ESTAR - LISBOA
62%
EL BAIFO - MI BALCÓN
62%
DONDE QUIERO ESTAR - VISTA AL MAR
62%
EL BAIFO - 2010YPICO
59%
DONDE QUIERO ESTAR - AHORA QUÉ
59%
EL BAIFO - ESTÁ EN CASA
59%
BUENAS NOCHES - IGUALES
59%
BUENAS NOCHES Rels B LOS DÍAS CONTADOS
59%
DONDE QUIERO ESTAR - ME FALTA ALGO
59%
BUENAS NOCHES - QUE ASCO DE TODO
59%
DONDE QUIERO ESTAR - ÉRAMOS DOS
56%
EL BAIFO - HOOKAH Y CALOR
56%
DONDE QUIERO ESTAR - PUNTO G
56%
BUENAS NOCHES Sech TE FALLÉ
56%
DONDE QUIERO ESTAR - YANKEE
56%
BUENAS NOCHES - CHAPIADORA.COM
54%
BUENAS NOCHES - NOEMÚ
54%
BUENAS NOCHES - POR ATRÁS
54%
BUENAS NOCHES - EL ESTRIBILLO
49%
BUENAS NOCHES - SHIBATTO
44%
No se encontraron pruebas coincidentes
Distribución de puntuación
Porcentaje de gente con cada puntuación
Porcentaje por número respondido
Historial de tus puntuaciones
No has intentado esta prueba.